Normal view
MARC view
- Civil and environmental engineering ;
Entry Uniform Title
001 - CONTROL NUMBER
- control field: 7099
003 - CONTROL NUMBER IDENTIFIER
- control field: NUST
005 - DATE AND TIME OF LATEST TRANSACTION
- control field: 20171208145749.0
008 - FIXED-LENGTH DATA ELEMENTS
- fixed length control field: 171208|| aca||aabn | a|a d
040 ## - CATALOGING SOURCE
- Original cataloging agency: NUST
- Transcribing agency: NUST
130 ## - HEADING--UNIFORM TITLE
- Uniform title: Civil and environmental engineering ;
- Form subdivision: 20
670 ## - SOURCE DATA FOUND
- Source citation: Work cat.: (NUST)0: Hendricks, David W. 7098, Water treatment unit processes :, 2005.
